BSOP header

Toward a spiritual psychotherapy : (Record no. 45128)

MARC details
000 -LEADER
fixed length control field 01167cam a22002774a 4500
001 - CONTROL NUMBER
control field 16746872
005 - DATE AND TIME OF LATEST TRANSACTION
control field 20181219141119.0
008 - FIXED-LENGTH DATA ELEMENTS--GENERAL INFORMATION
fixed length control field 110422s2012 cau b 000 0 eng
010 ## - LIBRARY OF CONGRESS CONTROL NUMBER
LC control number 2011016258
020 ## - INTERNATIONAL STANDARD BOOK NUMBER
International Standard Book Number 9781583943700
040 ## - CATALOGING SOURCE
Original cataloging agency DLC
Transcribing agency DLC
Modifying agency DLC
042 ## - AUTHENTICATION CODE
Authentication code pcc
100 1# - MAIN ENTRY--PERSONAL NAME
Personal name Beaumont, Hunter.
245 10 - TITLE STATEMENT
Title Toward a spiritual psychotherapy :
Remainder of title soul as a dimension of experience /
Statement of responsibility, etc Hunter Beaumont.
260 ## - PUBLICATION, DISTRIBUTION, ETC. (IMPRINT)
Place of publication, distribution, etc Berkeley, Calif. :
Name of publisher, distributor, etc North Atlantic Books,
Date of publication, distribution, etc c2012.
300 ## - PHYSICAL DESCRIPTION
Extent xx, 207 p. ;
Dimensions 23 cm.
336 ## - CONTENT TYPE
Content Type Term text
337 ## - MEDIA TYPE
Media Type Term unmediated
338 ## - CARRIER TYPE
Carrier Type Term volume
504 ## - BIBLIOGRAPHY, ETC. NOTE
Bibliography, etc Includes bibliographical references and index.
505 0# - FORMATTED CONTENTS NOTE
Formatted contents note Soul as a dimension of experience -- Redeeming fathers -- Deliverance of mothers -- Love and soul in couples relationships -- How children give birth to their parents -- Healing oneself : hope or illusion? -- Hate and spirituality -- Following grief and mourning -- The presence of the dead -- Psychotherapy as support for a religious path -- Homily for Guy -- Eulogy for Christa.
650 #0 - SUBJECT ADDED ENTRY--TOPICAL TERM
Topical term or geographic name as entry element Psychotherapy
General subdivision Religious aspects.
650 #0 - SUBJECT ADDED ENTRY--TOPICAL TERM
Topical term or geographic name as entry element Spirituality.
650 #0 - SUBJECT ADDED ENTRY--TOPICAL TERM
Topical term or geographic name as entry element Soul.
942 ## - ADDED ENTRY ELEMENTS (KOHA)
Source of classification or shelving scheme Library of Congress Classification
Item type Books
Holdings
Withdrawn status Lost status Source of classification or shelving scheme Damaged status Not for loan Home library Current library Shelving location Date acquired Source of acquisition Inventory number Total Checkouts Full call number Barcode Date last seen Price effective from Koha item type
    Library of Congress Classification     BSOP Library BSOP Library GC 12/19/2018 Donated by Dr. William and Mariel Kirwan 44850   RC489 B38 2012 00055850 12/19/2018 12/19/2018 Books
BSOP

Biblical Seminary of the Philippines
  All rights Reserved
  © 2024

CONTACT INFORMATION

Biblical Seminary of the Philippines,
  77-B Karuhatan Road, Valenzuela City,
  PHILIPPINES 1441
  Phone: +632 8292-6795 / 8292-6798
  Fax : +632 8292-6675
  Email: library@bsop.edu.ph